00470nam a2200109Ia 4500008004100000050002600041100002800067245012900095260008600224300002800310521002200338140724s9999 xx 000 0 und d aLB 1025.3b.V719 2010 aVillarente, Liza Mae L. 4aThe 5C's program as a tool in enhancing the competence of the SISC fourth year BEED-SpEd students /cLiza Mae L. Villarente. aLas Piñas, Philippines :bSouthville International School and Colleges,cc2010. a91 p. :bill. ;c28 cm. aSpecial Education